Tiến bộ y học : Được kỳ vọng trong năm 2008 /

Tallennettuna:
Bibliografiset tiedot
Päätekijä: Bùi Minh Trạng, BS.
Aineistotyyppi: Artikkeli
Kieli:Vietnamese
Aiheet:
Tagit: Lisää tagi
Ei tageja, Lisää ensimmäinen tagi!
Thư viện lưu trữ: Thư viện Trường Đại học Đà Lạt
LEADER 00798nam a2200277 4500
001 DLU100105302
005 ##20100325
040 # # |a DLU  |b vie 
041 # # |a vie 
044 # # |a vn 
100 # # |a Bùi Minh Trạng,   |c BS. 
245 # # |a Tiến bộ y học :  |b Được kỳ vọng trong năm 2008 /  |c Bùi Minh Trạng. 
653 # # |a Điều trị 
653 # # |a Liệu pháp hóa sinh 
653 # # |a Liệu pháp vật lí 
653 # # |a Ung thư 
773 # # |t Thuốc và sức khỏe  |g Số2(350), 2008, tr. 8-9 
920 # # |a Phòng Tạp chí -- Trung tâm Thông tin - Thư viện Trường Đại học Đà Lạt 
994 # # |a DLU 
900 # # |a True 
911 # # |a Nguyễn Thị Linh Chi 
925 # # |a G 
926 # # |a A 
927 # # |a BB 
980 # # |a Thư viện Trường Đại học Đà Lạt